LEADER 02395oam 2200577z- 450 001 9910424584003321 035 $a(CKB)5310000000010104 035 $a(EXLCZ)995310000000010104 100 $a20220608c2018uuuu -u- - 101 0 $aeng 200 10$aEmployability & competences : innovative curricula for new professions 210 $cFirenze University Press 311 $a88-6453-672-8 517 $aChapter Insights from the Fields 517 $aChapter The Role of Mentors on the Development of Calling in Students 517 $aChapter Introduction 517 $aChapter The Design of Work-Related Teaching & Learning Methods 517 $aChapter Career Calling 517 $aChapter Educators in Training and Writing 517 $aChapter The Role of Higher Education in a Changing World 517 $aChapter Doctorates and Employability 517 $aChapter INTEREURISLAND 517 $aChapter Transfer of Non-Academic Skills in Academic Context 517 $aChapter The ‘Second Level’ Education Professional 517 $aChapter The Pursuit of Happiness 517 $aChapter Employability and Transitions towards Work 517 $aChapter Employability-Oriented Curriculum 517 $aChapter Employability and Transitions 517 $aChapter Professional Development Tutoring 517 $a‘Second Level’ Education Professional 517 $aIntroduction 517 $aPursuit of Happiness 517 $aDesign of Work-Related Teaching & Learning Methods 517 $aEmployability and Transitions 517 $aINTEREURISLAND 517 $a?Second Level? Education Professional 517 $aProfessional Development Tutoring 517 $aInsights from the Fields 517 $aEducators in Training and Writing 517 $aCareer Calling 517 $aTransfer of Non-Academic Skills in Academic Context 517 $aEmployability-Oriented Curriculum 517 $aDoctorates and Employability 517 $aRole of Higher Education in a Changing World 517 $aEmployability and Transitions towards Work 517 $aRole of Mentors on the Development of Calling in Students 517 $aEmployability & competences 906 $aBOOK 912 $a9910424584003321 996 $aEmployability & competences : innovative curricula for new professions$92107822 997 $aUNINA